Top 30 Countries in Men's Long Jump - Statistics

General Stats
  • This quiz has been taken 44 times
  • The average score is 26 of 30
Answer Stats
NR Continent Answer % Correct
8.54 Oceania Australia
100%
8.47 Asia China
100%
8.42 Europe France
100%
8.51 Europe United Kingdom
100%
8.95 North America United States
100%
8.69 North America Jamaica
98%
8.40 Asia Japan
98%
8.46 North America Mexico
98%
8.65 Africa South Africa
98%
8.71 Europe Germany
95%
8.66 Europe Greece
95%
8.56 Europe Spain
95%
8.40 South America Brazil
93%
8.71 North America Cuba
93%
8.47 Europe Italy
93%
8.36 Europe Portugal
90%
8.44 Europe Sweden
90%
8.73 North America Panama
88%
8.56 Europe Russia
88%
8.42 Asia India
86%
8.45 Europe Switzerland
86%
8.41 North America Bahamas
83%
8.43 Africa Ghana
79%
8.37 Europe Romania
79%
8.34 South America Venezuela
76%
8.40 Africa Morocco
71%
8.46 Africa Senegal
67%
8.40 Europe Slovenia
55%
8.48 Asia Saudi Arabia
45%
8.40 Africa Zimbabwe
40%
No matching quizzes found
Score Distribution
Percent of People with Each Score
Percentile by Number Answered
Your Score History
You have not taken this quiz